Berfikir untuk menjadi kaya

Bibliographic Details
Main Author: Napoleon
Format: Book
Published: Selangor : Pustaka Ilmi , 2000
Series:Siri motivasi & kecemerlangan diri
Subjects:

MARC

LEADER 00000cam a2200000 7i4500
001 0000011952
005 20071127.0
008 071121
020 |a 9830982238 
090 0 0 |a 153.8   |b NAP 
100 0 |a Napoleon 
245 1 0 |a Berfikir untuk menjadi kaya   |c Napoleon 
260 |a Selangor :   |b Pustaka Ilmi ,   |c 2000 
440 |a Siri motivasi & kecemerlangan diri 
650 0 |a Malay fiction 
650 0 |a Motivation 
650 0 |a Physiology   |x Juvenile literature 
999 |a 0000796315   |b Book   |c Adult Collection   |e Cawangan Segamat 
999 |a 0001002872   |b Book   |c Adult Collection   |e Perbadanan Perpustakaan Awam Johor 
999 |a 0001002873   |b Book   |c Adult Collection   |e Perbadanan Perpustakaan Awam Johor